International yearbook of industrial statistics 2012.
| Corporate Author: | |
|---|---|
| Format: | Book |
| Published: |
Cheltenham:
Edward Elgar,
2012.
|
| Subjects: |
| LEADER | 00490cam a2200145 7i4500 | ||
|---|---|---|---|
| 001 | 0000029131 | ||
| 005 | 20131011090000.0 | ||
| 020 | 0 | 0 | |a 9780857936240 |
| 090 | 0 | 0 | |a STAT 338.6 |b UNI |
| 110 | 2 | 0 | |a United Nations Industrial Development Organization (UNIDO) |
| 245 | 2 | 0 | |a International yearbook of industrial statistics 2012. |
| 260 | 0 | 0 | |a Cheltenham: |b Edward Elgar, |c 2012. |
| 300 | # | # | |a 804 p. |
| 650 | 0 | 0 | |a Industrial -- |x Statistics -- |y 2013 |
| 999 | |a B000033134 |b Book |c Statistics |e Business Information Centre | ||


